| 000 | 00489nam a2200181Ia 4500 | ||
|---|---|---|---|
| 005 | 20250326123805.0 | ||
| 008 | 250326s9999 xx 000 0 und d | ||
| 037 | _aTextbook | ||
| 040 |
_aFMSL _beng _cFMSL |
||
| 041 |
_aeng _2eng |
||
| 084 |
_aS.44n L0 _qFMSL |
||
| 100 | _aPareek U | ||
| 245 | 0 |
_aForeign behavioural research on India _cPareek U |
|
| 260 |
_aDelhi _bDelhi, Acharan Sahkar _c1970 |
||
| 300 | _a159p | ||
| 942 |
_cTB _hS.44n L0 |
||
| 999 |
_c1270970 _d1270970 |
||